000
00224nam a2200097Ia 4500
008
240331s9999 xx 000 0 und d
082
_b
PER
100
_a
Arangaswamy, P. ed
245
0
_a
Perunchol Aharathi :
_b
Part 2
942
_c
L
999
_c
3266
_d
3266